Słownik terminologiczny sztuk pięknych

Bibliographic Details
Other Authors: Kubalska-Sulkiewicz, Krystyna (Compiler)
Format: Book
Language:Polish
PhysicalDescription:vii,477 s. 25 cm
Published: Warszawa Wydawnictwo naukowe PWN 1997
ISBN:8301123656
Edition:2. poprawione wyd.
Subjects:

MARC

LEADER 00000nam a2200000 a 4500
001 vtls001324957
003 SK-MaSNL
005 20260301160059.0
008 251124s1997 PL ae y 0 pol
020 |a 8301123656  |c [280,00] 
035 |a SNK000277701 
040 |a SNK  |b slo  |c SNK  |e AACR2 
044 |a PL 
080 |a 72/75:001.4=84  |2 1981 
245 1 |a Słownik terminologiczny sztuk pięknych  |c [redakcją Krystyna Kubalska-Sulkiewicz (koordynator) ... [et al.]] 
250 |a 2. poprawione wyd. 
260 |a Warszawa  |b Wydawnictwo naukowe PWN  |c 1997 
300 |a vii,477 s.  |c 25 cm 
650 0 7 |a umenie výtvarné  |x terminológia poľská  |x slovníky  |2 SNK  |9 521137 
650 0 7 |a slovníky terminologické poľské  |2 SNK  |9 521138 
700 1 |a Kubalska-Sulkiewicz, Krystyna  |4 zos  |9 521139 
919 |a 83-01-12365-6 
999 |c 803949  |d 805879 
952 |t P60, <04>, [BOOK], {604}  |a SNK  |b SNK  |y VYP  |7 0  |p 17A0128552  |o snkIC 127136  |i snkV 275/98  |0 0  |1 0  |4 0  |d 1998-03-20  |l 0  |r 2005-01-02 00:00:00  |w 2026-02-24